Border of DR Congo - Statistics

General Stats
  • This quiz has been taken 7 times
  • The average score is 7 of 9
Answer Stats
Km Pays % Correct
1577 Central African Republic
86%
2410 Congo
86%
217 Rwanda
86%
459 Tanzania
86%
1930 Zambia
86%
2511 Angola
71%
233 Burundi
71%
765 Uganda
71%
628 South Sudan
57%
No matching quizzes found
Score Distribution
Percent of People with Each Score
Percentile by Number Answered
Your Score History
You have not taken this quiz